Formula 1 Trivia - Statistics

General Stats
  • This quiz has been taken 174 times
  • The average score is 17 of 22
Answer Stats
Question Answer % Correct
Who won his first Grand Prix in Miami in 2024? Lando Norris
90%
What does DRS stand for? Drag Reduction System
89%
Who set the record for fastest pit stop? McLaren
89%
How many seconds was it? 1.8
87%
Who is the only American driver on the grid? Logan Sargeant
87%
Who is the sole tyre supplier of Formula 1? Pirelli
87%
How many rounds are in the 2024 calendar? 24
86%
What year was Fernando Alonso's last win? 2013
85%
Who is the only non-Red Bull 2023 Grand Prix winner? Carlos Sainz Jr.
85%
How many different winners are there in the 2024season as of the British Grand Prix? 6
84%
Who is the youngest driver on the 2024 grid? Oscar Piastri
80%
Where was the first F1 race held? Silverstone
80%
Which team has failed to score any points in 2024? Kick Sauber
79%
How many drivers are there in the Driver Championship? 21
76%
Which team is set to join the grid in 2026? Audi
76%
Who is the longest-running team principal on the grid? Christian Horner
76%
What is the shortest track on the 2024 calendar? Monaco
76%
Which circuit hosted the most Grands Prix? Monza
76%
Which F2 driver will make his F1 debut in 2025? Ollie Bearman
72%
Which driver has the most DNFs in 2024? Alex Albon
55%
Which driver on the 2024 grid has the most DNFs to hisname, including all the season he has participated in? Max Verstappen
50%
Where did they achieve this? Qatar
41%
No matching quizzes found
Score Distribution
Percent of People with Each Score
Percentile by Number Answered
Your Score History
You have not taken this quiz